| 000 | 00879nam a22002657a 4500 | ||
|---|---|---|---|
| 999 |
_c41019 _d41019 |
||
| 001 | 11970 | ||
| 003 | CO-MdFUSB | ||
| 005 | 20190202100543.0 | ||
| 008 | 180314t19731988xxu||||| |||| 00| 0 eng d | ||
| 020 | _a0-8499-8299-5 | ||
| 040 |
_aCO-MdFUSB _bspa _cCO-MdFUSB _dCO-MdFUSBC _erda |
||
| 041 | 0 | _aeng | |
| 082 | 0 | 4 | _aG 227.2 S9784p |
| 100 | 1 |
_aSwindoll, Charles R. _eautor |
|
| 245 | 1 | 0 |
_aPractical helps for a hurting church _b: A study of 1 Corinthians 6:12 - 11:34 _c / Charles R. Swindoll |
| 264 | 4 |
_aFullerton, CA., USA : _bInsinght For Living, _c©1973-1988 |
|
| 300 | _a94 Pag | ||
| 336 |
_2rdacontent _atexto _btxt |
||
| 337 |
_2rdamedia _asin mediación _bn |
||
| 338 |
_2rdacarrier _avolumen _bnc |
||
| 650 | 7 |
_aCrítica literaria _9527 |
|
| 650 | 7 |
_aDios _xEnseñanza bíblica _2 _9323 |
|
| 653 | _aBiblia N.T. - Corintios - Enseñanza - Libros de texto | ||
| 942 | _cBK | ||